000 00384nam a22001577a 4500
003 BD-DhUIB
005 20251026191833.0
008 251026b |||||||| |||| 00| 0 eng d
040 _aBD-DhUIB
_cBD-DhUIB
050 _a658.45
082 _222
100 _aRentz, Rathryn.
_91021
245 _aLesiker's business communication/
_cby Rathryn, Rentz.
526 _aBBA.
942 _2ddc
_cBK
999 _c629
_d629